Another generation: (Record no. 12580)

000 -LEADER
fixed length control field 00564nam a2200181 a 4500
001 - CONTROL NUMBER
control field :::00010387$&:&@@
003 - CONTROL NUMBER IDENTIFIER
control field OkBaRHE
005 - DATE AND TIME OF LATEST TRANSACTION
control field 20000607103358.0
008 - FIXED-LENGTH DATA ELEMENTS--GENERAL INFORMATION
fixed length control field s1985 j 000 0 eng u
040 ## - CATALOGING SOURCE
Transcribing agency
100 1# - MAIN ENTRY--PERSONAL NAME
Personal name Davis, W. A.
245 10 - TITLE STATEMENT
Title Another generation:
Remainder of title a strategy for local church discipleship.
260 ## - PUBLICATION, DISTRIBUTION, ETC. (IMPRINT)
Place of publication, distribution, etc Cleveland, TN., :
Name of publisher, distributor, etc Pathway Press
Date of publication, distribution, etc c1985
300 ## - PHYSICAL DESCRIPTION
Extent 91 p. ;
Dimensions 22 cm.
650 ## - SUBJECT ADDED ENTRY--TOPICAL TERM
Topical term or geographic name as entry element Christian Life
942 ## - ADDED ENTRY ELEMENTS (KOHA)
Source of classification or shelving scheme
Koha item type Books
Copies
Date last seen Lost status Price effective from Permanent Location Date acquired Koha item type Withdrawn status Copy number Shelving location Damaged status Not for loan Full call number Barcode Source of classification or shelving scheme
2010-04-14 2010-04-14RHEMA Bible Training College2010-04-14Books 1General Stacks  BV 4501 .D3210387